<?xml version="1.0" encoding="UTF-8"?><collection xmlns="info:lc/xmlns/marcxchange-v2"><record format="Unimarc" type="bibliographic"><leader>00780nam  2200229   450 </leader><controlfield tag="001">2382231</controlfield><controlfield tag="003">http://id.bnportugal.gov.pt/bib/porbase/2382231</controlfield><datafield ind1=" " ind2=" " tag="010"><subfield code="a">978-0-333-65246-6</subfield><subfield code="b">brochado</subfield><subfield code="d">compra</subfield></datafield><datafield ind1=" " ind2=" " tag="035"><subfield code="a">unlcsh008_bc.iso/09-09-2011/66388</subfield></datafield><datafield ind1=" " ind2=" " tag="035"><subfield code="a">UNLCSH20091217095424</subfield></datafield><datafield ind1=" " ind2=" " tag="100"><subfield code="a">20091217d2005    k  y0porb0103    ba</subfield></datafield><datafield ind1="0" ind2=" " tag="101"><subfield code="a">eng</subfield></datafield><datafield ind1=" " ind2=" " tag="102"><subfield code="a">GB</subfield></datafield><datafield ind1="1" ind2=" " tag="200"><subfield code="a">Nineteenth-century Europe</subfield><subfield code="f">Michael Rapport</subfield></datafield><datafield ind1=" " ind2=" " tag="205"><subfield code="a">1st ed</subfield></datafield><datafield ind1=" " ind2=" " tag="210"><subfield code="a">Basingstoke</subfield><subfield code="c">Palgrave Macmillan</subfield><subfield code="d">2005</subfield></datafield><datafield ind1=" " ind2=" " tag="215"><subfield code="a">xiii, 422 p.</subfield><subfield code="c">il., mapas</subfield><subfield code="d">22 cm</subfield></datafield><datafield ind1="2" ind2=" " tag="225"><subfield code="a">History of Europe</subfield></datafield><datafield ind1=" " ind2=" " tag="300"><subfield code="a">Contém notas, ensaios bibliográficos e índice</subfield></datafield><datafield ind1=" " ind2=" " tag="675"><subfield code="a">94(4)"18"</subfield><subfield code="v">BN</subfield><subfield code="z">por</subfield></datafield><datafield ind1=" " ind2="1" tag="700"><subfield code="a">Rapport</subfield><subfield code="b">Michael</subfield></datafield><datafield ind1=" " ind2="0" tag="801"><subfield code="a">PT</subfield><subfield code="b">UNLCSH</subfield><subfield code="g">RPC</subfield></datafield><datafield ind1=" " ind2=" " tag="856"><subfield code="u">http://www2.fcsh.unl.pt/bibliopac/indicesmonog/hst6544.pdf</subfield><subfield code="z">Indice</subfield></datafield></record></collection>